Hairspray- Without Love lyrics - Statistics

General Stats
  • This quiz has been taken 75 times
  • The average score is 333 of 383
Answer Stats
Answer % Correct
a
100%
and
100%
I
100%
love
100%
n
100%
no
100%
with
100%
without
100%
I'm
98%
is
98%
on
98%
the
98%
to
98%
when
98%
do
96%
go
96%
in
96%
my
96%
out
96%
what
96%
you
96%
be
94%
like
94%
never
94%
we
94%
can
92%
life
92%
me
92%
but
91%
cause
91%
I've
91%
at
89%
diet
89%
forever
89%
going
89%
I'll
89%
so
89%
Tracy
89%
who
89%
back
87%
can't
87%
free
87%
let
87%
matter
87%
mother
87%
set
87%
then
87%
wanna
87%
want
87%
yours
87%
break
85%
drummer
85%
I'd
85%
now
85%
was
85%
weigh
85%
chocolate
83%
don't
83%
get
83%
good
83%
kiss
83%
tasted
83%
that
83%
am
81%
fool
81%
if
81%
know
81%
Link
81%
looked
81%
next
81%
Once
81%
outside
81%
selfish
81%
understood
81%
white
81%
as
79%
baby
79%
black
79%
darling
79%
man
79%
not
79%
rock
79%
roll
79%
Seaweed
79%
you're
79%
ghetto
77%
girl
77%
got
77%
hands
77%
inside
77%
living
77%
made
77%
met
77%
myself
77%
only
77%
skin
77%
snow
77%
summer
77%
today
77%
toll
77%
Trace
77%
week
77%
winter
77%
cream
75%
door
75%
ice
75%
just
75%
seasons
75%
day
74%
enter
74%
everywhere
74%
gonna
74%
lying
74%
oh
74%
soul
74%
though
74%
tower
74%
ain't
72%
big
70%
blue
70%
circle
70%
control
70%
left
70%
lose
70%
Mondays
70%
our
70%
thought
70%
Apollo
68%
beat
68%
doll
68%
eyed
68%
follow
68%
found
68%
it
68%
ivory
68%
snack
68%
that's
68%
freedom
66%
goal
66%
knight
66%
who'd
66%
whose
66%
have
64%
getting
62%
leave
62%
marked
62%
touch
62%
won't
62%
Doris
60%
it's
60%
sundaes
60%
sweet
60%
us
60%
live
58%
invite
57%
laryngitis
57%
prom
57%
believe
51%
best
51%
buy
51%
happily
51%
life's
51%
centre
49%
45
47%
hostess
47%
surrender
45%
had
40%
you've
38%
captured
36%
yes
32%
No matching quizzes found
Score Distribution
Percent of People with Each Score
Percentile by Number Answered
Your Score History
You have not taken this quiz